A kereskedelmi és iparkamara 64 levelezőtagja
Elmentve itt :
| Dokumentumtípus: | Cikk |
|---|---|
| Megjelent: |
1932-06-19
|
| Sorozat: | Délmagyarország
8 No. 139 |
| Kulcsszavak: | Kereskedelem Szeged 1932 |
| Online Access: | http://dmarchiv.bibl.u-szeged.hu/60105 |
| LEADER | 00426nab a2200145 i 4500 | ||
|---|---|---|---|
| 001 | delm60105 | ||
| 005 | 20180927144556.0 | ||
| 008 | 180927s1932 hu o 0|| hun d | ||
| 040 | |a SZTE Délmagyarország Archívum |b hun | ||
| 041 | |a hun | ||
| 245 | 0 | 2 | |a A kereskedelmi és iparkamara 64 levelezőtagja |h [elektronikus dokumentum] |
| 260 | |c 1932-06-19 | ||
| 300 | |a 9 | ||
| 490 | 0 | |a Délmagyarország |v 8 No. 139 | |
| 695 | |a Kereskedelem Szeged 1932 | ||